000 00403nam a2200145Ia 4500
008 230917s9999||||xx |||||||||||||| ||und||
040 _e77839
_aMAIN
041 _aEnglish
082 _a346.0434 S23C
100 _aSharma, H K
245 0 _aCommentary on the Haryana urban control of rent & eviction act, 1973
260 _aChandigarh
_bPunjab Law Agency
_c1979
300 _aii, 424 p.
942 _cBK
999 _c191273
_d191273